000 00772nam0a22002531 4500
001 rc\4351463
005 20130416135712.2
021 _aRU
_b[58-26167]
035 _a(NLR Aleph) 008529496
090 _a8278937
_c8278937
100 _a20130416d1958 |||y0rusy50 ca
101 0 _arus
102 _aRU
105 _ay z |||||
200 1 _aЭхинококковая болезнь
_fАлт. краев. дом. сан. просвещения
210 _aБарнаул
_c[Алт. кн. изд-во]
_d1958
215 _a16 с.
_d20
606 _aЭхинококкоз
_2psbo
700 1 _aГаенко
_bГ. П.
_f1909-
_gГалина Петровна
801 0 _aRU
_bNLR
_gpsbo
801 1 _aRU
_bELAR
_2rusmarc
852 _aNLR
_j58-4/7708
942 _cBOOK
980 _aNB